|
|
|
|
| LEADER |
00000nam a22000007a 4500 |
| 008 |
240619b |||||||| |||| 00| 0 eng d |
| 020 |
|
|
|a 9780367344542
|
| 100 |
|
|
|a BECKER, Shannon R.
|
| 245 |
|
|
|a French for reading and translation
|c / Shannon R. Becker
|g xii, 221p;ill
|
| 260 |
|
|
|b Routledge
|c 2021
|h New York
|i 702201
|l PC2129.E5B38
|m French language--Textbooks for foreign speakers--English.
|m French language--Readers.
|
| 500 |
|
|
|a it includes index
|
| 942 |
|
|
|a lcc
|c BK
|e Johnson
|
| 952 |
|
|
|0 0
|1 0
|2 lcc
|4 0
|6 PC2129 E5 B38
|7 0
|9 5312
|a ART
|b HOL
|d 2024-06-19
|l 0
|o PC2129.E5B38
|p 2024-0555
|r 2024-06-19 00:00:00
|t 702201
|w 2024-06-19
|y BK
|
| 952 |
|
|
|0 0
|1 0
|2 lcc
|4 0
|6 PC2129 E5 B38
|7 0
|9 5313
|a HOL
|b HOL
|c LP
|d 2024-06-19
|l 0
|o PC2129.E5B38
|p 2024-0588
|r 2024-06-19 00:00:00
|t 702201
|w 2024-06-19
|y BK
|
| 999 |
|
|
|c 2632
|d 2632
|